000 00843cam a2200253 a 4500
008
020 _a9780273732587 (pbk.)
049 _aMAIN
090 _aGV361
_bSPO
245 0 0 _aSport pedagogy :
_bAn introduction for teaching and coaching /
_cedited by Kathleen Armour.
260 _aHarlow Essex :
_bPearson Education,
_c2011.
300 _axvii, 346 p. :
_bill. ;
_c25 cm.
504 _aIncludes bibliographical references.
500 _alncludes index.
650 0 _aSports
_xStudy and teaching.
650 0 _aPhysical education and training
_xStudy and teaching.
650 0 _aCoaching (Athletics)
_xStudy and teaching.
700 1 _aArmour, Kathleen.
907 _a.b10324276
_b07-11-17
_c10-12-12
003
005 20230123122252.0
040 _cNUST
942 _cBOOKS
_kGV361
_mSPO
999 _c130729
_d130729